| 000 | 00468nam a2200121Ia 4500 | ||
|---|---|---|---|
| 008 | 220620s9999||||xx |||||||||||||| ||und|| | ||
| 100 | _aArmon, Robert||Cheruti, Uta | ||
| 245 | 0 | _aEnvironmental Aspects of Zoonotic Diseases | |
| 546 | _aEnglish[eng] | ||
| 650 | _aEnvironmental Sciences||Health issues | ||
| 856 | _uhttps://library.oapen.org/bitstream/20.500.12657/25916/1/1004164.pdf||https://library.oapen.org/bitstream/20.500.12657/25916/1/1004164.pdf | ||
| 942 | _cEB | ||
| 999 |
_c29058 _d29058 |
||